| 000 | 00833pam a2200241 a 4500 | ||
|---|---|---|---|
| 001 | 4487285 | ||
| 005 | 20180208074341.0 | ||
| 008 | 970128s1997 enka b 001 0 eng c | ||
| 010 | _a 97000293 | ||
| 020 | _a0471968498 (alk. paper) | ||
| 040 |
_aDNLM/DLC _cDLC _dDLC |
||
| 041 | _aeng | ||
| 060 | 1 | 0 |
_aW1 WI53J v.3 1997 _aWM 171 D4241976 1997 |
| 080 | _a616.8527 hon | ||
| 082 | 0 | 0 |
_a616.8527 hon _221 |
| 100 | _a9 | ||
| 101 | _aneu | ||
| 245 | 0 | 0 |
_aDepression : _cedited by A. Honig and H.M. van Praag. |
| 504 | _aIncludes bibliographical references and index. | ||
| 906 |
_a7 _bcbc _corignew _d1 _eocip _f19 _gy-gencatlg |
||
| 942 |
_2ddc _cBK |
||
| 999 |
_c42146 _d42146 |
||